<?xml version="1.0" encoding="UTF-8"?>
<collection xmlns="http://www.loc.gov/MARC21/slim">
<record>
  <controlfield tag="001">155449</controlfield>
  <controlfield tag="005">20250516084504.0</controlfield>
  <datafield tag="037" ind1=" " ind2=" ">
    <subfield code="a">TAZ-TFG-2022-4437</subfield>
  </datafield>
  <datafield tag="041" ind1=" " ind2=" ">
    <subfield code="a">spa</subfield>
  </datafield>
  <datafield tag="100" ind1="1" ind2=" ">
    <subfield code="a">Miñarro Ripoll, Elena</subfield>
  </datafield>
  <datafield tag="242" ind1="0" ind2="0">
    <subfield code="a">Phonological intervention to treat a speech disorder using robotics with an early childhood education student.</subfield>
  </datafield>
  <datafield tag="245" ind1="0" ind2="0">
    <subfield code="a">Intervención fonológica para tratar un trastorno del habla mediante la robótica con una alumna de Educación Infantil.</subfield>
  </datafield>
  <datafield tag="260" ind1=" " ind2=" ">
    <subfield code="a">Zaragoza</subfield>
    <subfield code="b">Universidad de Zaragoza</subfield>
    <subfield code="c">2022</subfield>
  </datafield>
  <datafield tag="506" ind1=" " ind2=" ">
    <subfield code="a">by-nc-sa</subfield>
    <subfield code="b">Creative Commons</subfield>
    <subfield code="c">3.0</subfield>
    <subfield code="u">http://creativecommons.org/licenses/by-nc-sa/3.0/</subfield>
  </datafield>
  <datafield tag="520" ind1=" " ind2=" ">
    <subfield code="a">Este trabajo tiene como objetivo analizar una intervención mediante el uso del robot Robot Mouse para intervenir las dificultades fonéticas presentes en algunos alumnos/as, ya que la robótica dentro de la educación se ha vuelto una herramienta de trabajo, para la impartición de diferentes disciplinas. &lt;br />Numerosos estudios respaldan la importancia del uso de las tecnologías para el proceso de enseñanza-aprendizaje, creando un ambiente más motivador en el aula y fomentando el interés de alumnado por el aprendizaje. Por esta razón, se presenta un programa de intervención con una alumna de 4 años durante las sesiones individuales de PT, en el que se han diseñado diferentes sesiones basadas en el trabajo de los fonemas en los que presenta más dificultad y la evaluación de estas, todas estas se llevarán a cabo con la utilización del robot programable Robot Mouse.&lt;br />En el análisis se destaca el potencial promovido por la metodología implementada durante las sesiones y se plantea un nuevo método de trabajo para futuros alumnos/as con necesidades educativas similares. Finalmente, se afirma el hecho de poder trabajar diferentes disciplinas en el ámbito educativo, buscando la mejora de la calidad y efectividad del trabajo. &lt;br />&lt;br /></subfield>
  </datafield>
  <datafield tag="521" ind1=" " ind2=" ">
    <subfield code="a">Graduado en Magisterio en Educación Infantil</subfield>
  </datafield>
  <datafield tag="540" ind1=" " ind2=" ">
    <subfield code="a">Derechos regulados por licencia Creative Commons</subfield>
  </datafield>
  <datafield tag="700" ind1=" " ind2=" ">
    <subfield code="a">Tortajada Pérez, Marta</subfield>
    <subfield code="e">dir.</subfield>
  </datafield>
  <datafield tag="710" ind1="2" ind2=" ">
    <subfield code="a">Universidad de Zaragoza</subfield>
    <subfield code="b">Ciencias de la Educación</subfield>
    <subfield code="c">Didáctica y Organización Escolar</subfield>
  </datafield>
  <datafield tag="856" ind1="0" ind2=" ">
    <subfield code="f">791425@unizar.es</subfield>
  </datafield>
  <datafield tag="856" ind1="4" ind2=" ">
    <subfield code="s">1215293</subfield>
    <subfield code="u">http://zaguan.unizar.es/record/155449/files/TAZ-TFG-2022-4437.pdf</subfield>
    <subfield code="y">Memoria (spa)</subfield>
  </datafield>
  <datafield tag="909" ind1="C" ind2="O">
    <subfield code="o">oai:zaguan.unizar.es:155449</subfield>
    <subfield code="p">driver</subfield>
    <subfield code="p">trabajos-fin-grado</subfield>
  </datafield>
  <datafield tag="950" ind1=" " ind2=" ">
    <subfield code="a"></subfield>
  </datafield>
  <datafield tag="980" ind1=" " ind2=" ">
    <subfield code="a">TAZ</subfield>
    <subfield code="b">TFG</subfield>
    <subfield code="c">FCSH</subfield>
  </datafield>
  <datafield tag="999" ind1=" " ind2=" ">
    <subfield code="a">20221123111741.CREATION_DATE</subfield>
  </datafield>
  <datafield tag="951" ind1=" " ind2=" ">
    <subfield code="a">deposita:2025-05-16</subfield>
  </datafield>
</record>
</collection>